Biggest English City/Town By Letter - Statistics

General Stats
  • This quiz has been taken 23 times
  • The average score is 13 of 25
Answer Stats
Letter City Population % Correct
L London 8,961,989
100%
M Manchester 395,515
100%
B Birmingham 984,333
95%
Y York 153,717
95%
O Oxford 171,380
84%
S Sheffield 685,368
84%
N Nottingham 321,500
79%
K Kingston Upon Hull 314,018
68%
I Ipswich 178,835
58%
W Wolverhampton 252,791
58%
C Coventry 359,262
53%
D Derby 270,468
53%
R Reading 318,014
53%
G Gloucester 150,053
42%
H Huddersfield 149,017
42%
J Jarrow 29,017
42%
P Preston 313,332
42%
U Uxbridge 70,000
32%
E Eastbourne 118,219
21%
F Farnborough 57,486
21%
T Telford 147,980
21%
Z Zeal 693
21%
A Aylesbury 74,748
11%
Q Quedgeley 11,800
0%
V Verwood 8,737
0%
No matching quizzes found
Score Distribution
Percent of People with Each Score
Percentile by Number Answered
Your Score History
You have not taken this quiz